MARC

LEADER 00000nam0a2200000 4500
001 258965
005 20231101233337.0
035 |a (RuTPU)RU\TPU\book\281857 
090 |a 258965 
100 |a 20140429d1987 k y0rusy50 ca 
101 0 |a rus 
102 |a KG 
105 |a a j 001zy 
200 1 |a Промышленные роботы и манипуляторы  |e учебное пособие  |f Л. Т. Дворников  |g Фрунзенский политехнический институт (ФПИ) 
210 |a Фрунзе  |c Изд-во ФПИ  |d 1987 
215 |a 102 с.  |c ил. 
320 |a Библиогр.: с. 100. 
606 1 |a Роботы промышленные  |x Механика  |2 stltpush  |3 (RuTPU)RU\TPU\subj\25303  |9 49500 
610 1 |a мехатроника 
610 1 |a мехатронные устройства 
610 1 |a роботизированное производство 
610 1 |a робототехника 
610 1 |a робототехнические устройства 
610 1 |a манипуляторы 
610 1 |a управление 
610 1 |a классификация 
610 1 |a учебные пособия 
675 |a 621.865.8(075.8)  |v 3 
700 1 |a Дворников  |b Л. Т.  |g Леонид Трофимович 
712 0 2 |a Фрунзенский политехнический институт (ФПИ)  |c (1954-1992)  |2 stltpush  |3 (RuTPU)RU\TPU\col\123 
801 1 |a RU  |b 63413507  |c 20140429 
801 2 |a RU  |b 63413507  |c 20141028  |g RCR 
942 |c BK